[Event "Muensterland Regionalliga 2122"]
[Site "Germany"]
[Date "2021.11.13"]
[Round "3.6"]
[White "Gehlen, Horst"]
[Black "Mast, Holger"]
[Result "0-1"]
[WhiteElo "1737"]
[BlackElo "1752"]
[PlyCount "126"]
[EventDate "2021.10.02"]
[EventType "team-tourn"]
[EventRounds "3"]
[EventCountry "GER"]
[SourceTitle "EXT 2023"]
[Source "ChessBase"]
[SourceDate "2022.10.05"]
[SourceVersion "1"]
[SourceVersionDate "2022.10.05"]
[SourceQuality "1"]
[WhiteTeam "Duelmen"]
[BlackTeam "Ahaus Wessum"]
[WhiteTeamCountry "GER"]
[BlackTeamCountry "GER"]

1. e4 c5 2. Nc3 Nc6 3. f4 e6 4. Nf3 g6 5. Bb5 Nge7 6. 0-0 a6 7. Bxc6 Nxc6 8. d3 Bg7 9. f5 d6 10. Qe2 Qe7 11. fxe6 Bxe6 12. Bg5 f6 13. Be3 0-0 14. d4 cxd4 15. Nxd4 Nxd4 16. Bxd4 Rac8 17. Qd2 b5 18. Nd5 Bxd5 19. exd5 Qe4 20. Bc3 b4 21. Qd4 Qxd4+ 22. Bxd4 Rxc2 23. Rac1 Rd2 24. Rfd1 Rxd1+ 25. Rxd1 Rc8 26. Kf2 Rc2+ 27. Kf3 f5 28. a3 Bxd4 29. Rxd4 bxa3 30. bxa3 Rc3+ 31. Kf4 Rxa3 32. Rc4 Ra5 33. Rc6 Rxd5 34. Rxa6 Kg7 35. Ra7+ Kh6 36. Rd7 g5+ 37. Kf3 Kg6 38. Rd8 h6 39. Rg8+ Kf7 40. Rh8 Kg7 41. Re8 Re5 42. Rd8 Re6 43. Rd7+ Kf6 44. Rh7 Ke5 45. Ra7 g4+ 46. Kf2 d5 47. Rd7 Ke4 48. Ke2 f4 49. Rd8 h5 50. Rh8 Re5 51. Rd8 d4 52. Rd6 f3+ 53. gxf3+ gxf3+ 54. Kf2 Rf5 55. Rd7 Kd3 56. Rd8 Kc3 57. Rc8+ Kd2 58. Rc7 d3 59. Rc6 Kd1 60. Rc7 Re5 61. Kxf3 Re2 62. h3 Rc2 63. Re7 d2 0-1

[Event "Muensterland Verbandsliga 1415"]
[Site "Germany"]
[Date "2015.05.09"]
[Round "9.7"]
[White "Mast, Holger"]
[Black "Wetter, Ralf"]
[Result "0-1"]
[WhiteElo "1714"]
[BlackElo "1862"]
[PlyCount "75"]
[EventDate "2014.09.06"]
[EventType "team-tourn"]
[EventRounds "9"]
[EventCountry "GER"]
[SourceTitle "EXT 2016"]
[Source "ChessBase"]
[SourceDate "2015.10.08"]
[SourceVersion "1"]
[SourceVersionDate "2015.10.08"]
[SourceQuality "1"]
[WhiteTeam "Ahaus Wessum"]
[BlackTeam "Heiden"]
[WhiteTeamCountry "GER"]
[BlackTeamCountry "GER"]

1. e4 c5 2. Nf3 d6 3. Bc4 e6 4. Nc3 Nf6 5. 0-0 d5 6. exd5 exd5 7. Bb5+ Nc6 8. Re1+ Be7 9. Bxc6+ bxc6 10. Ne5 Qc7 11. d4 Be6 12. Bf4 Qb7 13. dxc5 Bxc5 14. Nd3 Be7 15. Na4 Qb5 16. b3 0-0 17. Qe2 Rfe8 18. Ne5 Rac8 19. Qe3 c5 20. Rad1 d4 21. Qd3 Qb7 22. Nc4 Nd5 23. Be5 Nb4 24. Qg3 g6 25. Nd6 Bxd6 26. Bxd6 Nxc2 27. Re2 Bf5 28. Rxe8+ Rxe8 29. Nxc5 Qd5 30. Na4 d3 31. Bc5 d2 32. h4 Re1+ 33. Kh2 h5 34. Nc3 Qxc5 35. Rxd2 Qe5 36. f4 Qc5 37. Qg5 Qg1+ 38. Kg3 0-1

[Event "Muensterland Verbandsliga 1314"]
[Site "Germany"]
[Date "2014.01.18"]
[Round "5.8"]
[White "Kleinwaechter, Matthias"]
[Black "Mast, Holger"]
[Result "1/2-1/2"]
[WhiteElo "1789"]
[BlackElo "1674"]
[PlyCount "39"]
[EventDate "2013.09.07"]
[EventType "team-tourn"]
[EventRounds "9"]
[EventCountry "GER"]
[SourceTitle "EXT 2015"]
[Source "ChessBase"]
[SourceDate "2014.11.20"]
[SourceVersion "1"]
[SourceVersionDate "2014.11.20"]
[SourceQuality "1"]
[WhiteTeam "Saerbeck"]
[BlackTeam "Ahaus Wessum"]
[WhiteTeamCountry "GER"]
[BlackTeamCountry "GER"]

1. e4 c5 2. Nc3 Nc6 3. Nf3 d6 4. d4 cxd4 5. Nxd4 g6 6. Be3 Nf6 7. Qd2 Bg7 8. f3 Bd7 9. 0-0-0 0-0 10. Kb1 a6 11. Bh6 Rc8 12. Bxg7 Kxg7 13. h4 h5 14. Be2 Qb6 15. Nb3 Ne5 16. Rhf1 Nc4 17. Bxc4 Rxc4 18. Rfe1 Rfc8 19. Qe3 Qxe3 20. Rxe3 1/2-1/2

[Event "Muensterland Verbandsklasse-A 0910"]
[Site "Germany"]
[Date "2010.04.24"]
[Round "9.3"]
[White "Bienhuels, Michael"]
[Black "Mast, Holger"]
[Result "1/2-1/2"]
[WhiteElo "1785"]
[BlackElo "1739"]
[PlyCount "108"]
[EventDate "2009.09.19"]
[EventType "team-tourn"]
[EventRounds "9"]
[EventCountry "GER"]
[SourceTitle "EXT 2011"]
[Source "ChessBase"]
[SourceDate "2010.11.26"]
[SourceVersion "1"]
[SourceVersionDate "2010.11.26"]
[SourceQuality "1"]
[WhiteTeam "Duelmen"]
[BlackTeam "Ahaus Wessum II"]
[WhiteTeamCountry "GER"]
[BlackTeamCountry "GER"]

1. Nf3 c5 2. g3 Nc6 3. Bg2 Nf6 4. d3 d5 5. 0-0 e5 6. Nbd2 Bf5 7. Nh4 Be6 8. e4 d4 9. a3 Qd7 10. Qe1 Be7 11. f4 exf4 12. gxf4 Bh3 13. Ndf3 Bxg2 14. Nxg2 Nh5 15. Qe2 g6 16. Bd2 Qg4 17. Nxd4 Qxe2 18. Nxe2 0-0-0 19. Rf3 Nf6 20. c3 Nxe4 21. Be1 Nd6 22. Bf2 Nf5 23. b4 b6 24. d4 cxd4 25. b5 d3 26. Nd4 Ncxd4 27. cxd4 Nxd4 28. Bxd4 Rxd4 29. Rd1 Bc5 30. Kf1 Rhd8 31. Ne1 Bxa3 32. Nxd3 Be7 33. Ke2 Bf6 34. Rc1+ Kb7 35. f5 g5 36. Rc6 R8d6 37. Rxd6 Rxd6 38. Rh3 Rd7 39. Rxh7 Bd4 40. Kf3 Bc5 41. Ne5 Re7 42. Rxf7 a5 43. bxa6+ Kxa6 44. Rxe7 Bxe7 45. Ke4 b5 46. Kd4 b4 47. Kc4 Bd6 48. Ng4 Kb6 49. h3 Kc7 50. Nf6 Kd8 51. Ne4 Bf8 52. Nxg5 Ke7 53. Ne4 Kf7 54. h4 Be7 1/2-1/2

[Event "Muensterland Verbandsklasse-A 0405"]
[Site "Muensterland"]
[Date "2004.10.02"]
[Round "2.7"]
[White "Janz, Stefan"]
[Black "Mast, Holger"]
[Result "1/2-1/2"]
[WhiteElo "1756"]
[BlackElo "1671"]
[PlyCount "105"]
[EventDate "2004.09.11"]
[EventType "team"]
[EventRounds "9"]
[EventCountry "GER"]
[SourceTitle "EXT 2006"]
[Source "ChessBase"]
[SourceDate "2005.11.24"]
[SourceVersion "1"]
[SourceVersionDate "2005.11.24"]
[SourceQuality "1"]
[WhiteTeam "Sendenhorst"]
[BlackTeam "Ahaus Wessum"]
[WhiteTeamCountry "GER"]
[BlackTeamCountry "GER"]

1. d4 d5 2. c4 e5 3. dxe5 d4 4. Nf3 Nc6 5. g3 Bg4 6. Bg2 Qd7 7. a3 0-0-0 8. Qd3 Be7 9. Bd2 h5 10. b4 Qe6 11. Ng5 Bxg5 12. Bxg5 f6 13. exf6 Nxf6 14. Bxf6 Qxf6 15. Nd2 Ne5 16. Qe4 Nc6 17. Qb1 Rhe8 18. Ne4 Qe6 19. 0-0 Bxe2 20. Nc5 Qf6 21. Rc1 d3 22. b5 Na5 23. Bh3+ Kb8 24. Nd7+ Rxd7 25. Bxd7 Re7 26. Qb4 Rxd7 27. Qxa5 d2 28. Rd1 Bxd1 29. Rxd1 Qb2 30. Qb4 Qxb4 31. axb4 Kc8 32. Kf1 Rd4 33. Ke2 Rxc4 34. Rxd2 Rxb4 35. Rd5 g6 36. h4 Ra4 37. Rg5 Rb4 38. Kd3 Kd7 39. Kc3 Rb1 40. Rxg6 Rxb5 41. f4 Rc5+ 42. Kd4 b6 43. Rg5 Rxg5 44. hxg5 Ke6 45. Ke4 a5 46. f5+ Kf7 47. Ke5 a4 48. g6+ Kg7 49. Ke6 a3 50. f6+ Kxg6 51. f7 a2 52. f8Q a1Q 53. Qf7+ 1/2-1/2